Linking worlds = Vinculando mundos : strategy to promote tourism products, places and services of Silvia, Cauca : estrategia para promocionar productos, lugares y servicios turísticos de Silvia, Cauca /

Detalles Bibliográficos
Autor principal: Pemberthy Gallo, Luz Stella (Autor, Editor)
Formato: Electrónico eBook
Lenguaje:español
inglés
Publicado: Popayán, Colombia : Editorial Universidad del Cauca, 2022.
Edición:Primera edición en inglés y español.
Materias:
Acceso en línea:Digitalia Hispánica

MARC

LEADER 00000nam a2200000 i 4500
001 DIGUCAUCA0145
003 NyNyDIG
006 m o d
007 cr |||||||||||
008 231008s2022 ck a ob 001 0 spa d
035 |a (OCoLC)1394135744 
040 |a DGITA  |b eng  |e rda  |e pn  |c DGITA 
020 |a 9789587325300  |q digital 
020 |z 9789587325294  |q impreso 
041 1 |a eng  |a spa 
043 |a s-ck--- 
050 1 4 |a G155.C7 ebook 
100 1 |a Pemberthy Gallo, Luz Stella,  |e author,  |e editor. 
245 1 0 |a Linking worlds = Vinculando mundos :  |b strategy to promote tourism products, places and services of Silvia, Cauca : estrategia para promocionar productos, lugares y servicios turísticos de Silvia, Cauca /  |c compiler, compiladora Luz Stella Pemberthy Gallo ; authors, autores Luz Stella Pemberthy Gallo [and 5 others]. 
246 1 |i Spanish title on cover:  |a Vinculando mundos :  |b estrategia para promocionar productos, lugares y servicios turísticos de Silvia, Cauca 
250 |a Primera edición en inglés y español. 
264 1 |a Popayán, Colombia :  |b Editorial Universidad del Cauca,  |c 2022. 
300 |a 1 online resource :  |b illustrations. 
336 |a text  |b txt  |2 rdacontent 
337 |a computer file  |b c  |2 rdamedia 
338 |a online resource  |b cr  |2 rdacarrier 
347 |a text file  |2 rdaft 
347 |b PDF 
504 |a Includes bibliographical references and Index. 
546 |a Text in English and Spanish. 
588 0 |a Online resource; title from PDF title page (Digitalia, viewed October 8, 2023) 
650 0 |a Tourism  |z Colombia. 
650 0 |a Tourism  |z Colombia  |x Marketing. 
651 0 |a Silvia (Colombia) 
776 0 8 |i Print version:  |a Pemberthy Gallo, Luz Stella.  |t Linking worlds.  |b Primera edición en inglés y español.  |d Popayán, Colombia : Editorial Universidad del Cauca, 2022  |z 9789587325294 
791 2 |a Digitalia (Firm),  |e distributor. 
793 0 |g Digitalia eBook Collection:  |a Universidad del Cauca 
856 4 0 |3 Digitalia Hispánica  |u https://www.digitaliapublishing.com/a/129860/ 
910 |a Premium collection: 2023